|
|
|
|
| LEADER |
04704nam a22004213i 4500 |
| 001 |
EBC6845980 |
| 003 |
MiAaPQ |
| 005 |
20231204023220.0 |
| 006 |
m o d | |
| 007 |
cr cnu|||||||| |
| 008 |
231204s2022 xx o ||||0 eng d |
| 020 |
|
|
|a 9783030701314
|q (electronic bk.)
|
| 020 |
|
|
|z 9783030701307
|
| 035 |
|
|
|a (MiAaPQ)EBC6845980
|
| 035 |
|
|
|a (Au-PeEL)EBL6845980
|
| 035 |
|
|
|a (OCoLC)1292362203
|
| 040 |
|
|
|a MiAaPQ
|b eng
|e rda
|e pn
|c MiAaPQ
|d MiAaPQ
|
| 050 |
|
4 |
|a D203.2-475
|
| 082 |
0 |
|
|a 909.097124106
|
| 100 |
1 |
|
|a Smith, Haig Z.
|
| 245 |
1 |
0 |
|a Religion and Governance in England's Emerging Colonial Empire, 1601-1698.
|
| 250 |
|
|
|a 1st ed.
|
| 264 |
|
1 |
|a Cham :
|b Springer International Publishing AG,
|c 2022.
|
| 264 |
|
4 |
|c ©2022.
|
| 300 |
|
|
|a 1 online resource (297 pages)
|
| 336 |
|
|
|a text
|b txt
|2 rdacontent
|
| 337 |
|
|
|a computer
|b c
|2 rdamedia
|
| 338 |
|
|
|a online resource
|b cr
|2 rdacarrier
|
| 490 |
1 |
|
|a New Transculturalisms, 1400-1800 Series
|
| 505 |
0 |
|
|a Religion and Governance in England's Emerging Colonial Empire, 1601-1698 -- Religion and Governance in England's Emerging Colonial Empire, 1601-1698 -- Acknowledgements -- Contents -- 1 'A Just Government'-Empire, Religion, Chaplains and the Corporation -- Defining Governance -- Emerging Empire: Internal Imperial and Iberian Inspiration -- Corporate Formation and the Origins of Corporate Religious Governance -- A History of Corporate Religious Governance -- Religion in England -- The Company Chaplain -- Conclusion -- 2 The Virginia Company and the Foundations of Religious Governance in English Commercial Expansion -- Protestant Evangelisms in Opposition to Catholicism -- Population -- Presence of an Ecclesiastical Structure -- Evangelism and Education -- Enforcement -- Perceptions of Local Religious Practice -- Religious Governance and Downfall of the Virginia Company -- Conclusion -- 3 The Plymouth Company and Massachusetts Bay Company (1622-1639): Establishing Theocratic Corporate Governance -- The Plymouth Company and the Foundations of Theocratic Governance -- Chartering and Charter Rights -- Massachusetts Bay Company as Trading Corporation -- The Corporate Congregation and Foundations of Theocratic Governance -- Policing Religious Behaviour: The Antinomian Controversy and Early Attempts to Curtail MBC's Theocratic Governance -- Conclusion -- 4 Apostasy and Debauchery (1601-1660): Behaviour, Passive Evangelism and the East India and Levant Company Chaplains -- Protestant Pluralism and the Foundations of Pastoral Governance -- Pastoral Governance and Preventing Apostasy -- Pastoral Governance and Structuring Diplomatic Interaction and Response to Iberian Presence -- Chaplains as Enforcers of Pastoral Governance and Corporate Evangelism -- Chaplains and Knowledge Exchange.
|
| 505 |
8 |
|
|a Pastoral Governance and Securing Commercial Success and Religious Behaviour -- Conclusion -- 5 The Massachusetts Bay Company and New England Company (1640-1684): Exportation, Revaluation and the Demise of Corporate Theocratic Governance -- Territory and the Expansion of Theocratic Governance -- Restoration and Reaction to Theocratic Governance in Massachusetts -- King Philip's War and the End to Theocratic Governance -- Conclusion -- 6 The East India Company (1661-1698): Territorial Acquisition and the 'Amsterdam of Liberty' -- Ecumenical Governance, Josiah Child and the Dutch Model -- Ecumenical Governance in Opposition to Mughal Religious Government -- Ecumenical Governance in Opposition to Iberian Religious Government -- Ecumenical Governance and Religious-Commercial Patronage and Religious Migration -- Ecumenical Governance and Regulating Behaviour of English Personnel -- Ecumenical Governance and Passive Evangelism -- Ecumenical Governance and Local Political Engagement -- Ecumenical Government and the Exportation of English Customs and Prejudices -- Conclusion -- 7 Conclusion -- Bibliography -- Index.
|
| 588 |
|
|
|a Description based on publisher supplied metadata and other sources.
|
| 590 |
|
|
|a Electronic reproduction. Ann Arbor, Michigan : ProQuest Ebook Central, 2023. Available via World Wide Web. Access may be limited to ProQuest Ebook Central affiliated libraries.
|
| 655 |
|
4 |
|a Electronic books.
|
| 776 |
0 |
8 |
|i Print version:
|a Smith, Haig Z.
|t Religion and Governance in England's Emerging Colonial Empire, 1601-1698
|d Cham : Springer International Publishing AG,c2022
|z 9783030701307
|
| 797 |
2 |
|
|a ProQuest (Firm)
|
| 830 |
|
0 |
|a New Transculturalisms, 1400-1800 Series
|
| 856 |
4 |
0 |
|u https://ebookcentral.proquest.com/lib/matrademy/detail.action?docID=6845980
|z Click to View
|